España sagrada (Record no. 5140)

MARC details
000 -LEADER
campo de control de longitud fija 01287npm a2200253 i 4500
001 - NÚMERO DE CONTROL
campo de control 5140
003 - IDENTIFICADOR DE NÚMERO DE CONTROL
campo de control ES-MaACL
005 - FECHA Y HORA DE LA ÚLTIMA TRANSACCIÓN
campo de control 20250709063210.0
007 - CAMPO FIJO DE DESCRIPCIÓN FÍSICA--INFORMACIÓN GENERAL
campo de control de longitud fija hzrazu bucu
008 - DATOS DE LONGITUD FIJA--INFORMACIÓN GENERAL
campo de control de longitud fija 900417r19901754sp a 00010 spa d
080 ## - NÚMERO DE LA CLASIFICACIÓN DECIMAL UNIVERSAL
Número de la Clasificación Decimal Universal 9(46)"--/18"
080 ## - NÚMERO DE LA CLASIFICACIÓN DECIMAL UNIVERSAL
Número de la Clasificación Decimal Universal 27(46)"--/18"
080 ## - NÚMERO DE LA CLASIFICACIÓN DECIMAL UNIVERSAL
Número de la Clasificación Decimal Universal 92:262.1(46)"--/18"
100 1# - ENTRADA PRINCIPAL--NOMBRE DE PERSONA
Nombre de persona Flórez, Enrique,
Fechas asociadas al nombre 1702-1773
9 (RLIN) 142679
245 10 - MENCIÓN DEL TÍTULO
Título España sagrada
Resto del título : [Microforma] : Theatro geographico-historico de la Iglesia de España /
Mención de responsabilidad, etc. por Henrique Florez.
260 ## - PUBLICACIÓN, DISTRIBUCIÓN, ETC.
Lugar de publicación, distribución, etc. Madrid :
Nombre del editor, distribuidor, etc. Ateneo Cientifico, Literario y Artistico,
Fecha de publicación, distribución, etc. 1990.
300 ## - DESCRIPCIÓN FÍSICA
Extensión 11 carretes de microfilme :
Otras características físicas negativo ;
Dimensiones 16 mm.
500 ## - NOTA GENERAL
Nota general Publicado originalmente: Madrid, Antonio Marin, 1754-1961, 54 t. en 53 v.
505 8# - NOTA DE CONTENIDO CON FORMATO
Nota de contenido con formato Carrete n. 1: Indices (t. 52) y tomos 1 a 5 (p. 384) -- Carrete n. 2: tomo 5 (p. 385) a 10 (p. 383) -- Carrete n. 3: tomo 10 (p.384) a 14 -- Carrete n. 4: tomo 15 a 19 -- Carrete n. 5: tomo 20 a 24 -- Carrete n. 6: tomo 25 a 29 -- Carrete n. 7: tomo 30 a 33 -- Carrete n. 8: tomo 34 a 38 -- Carrete n. 9: tomo 39 al 43 -- Carrete n. 10: tomo 44 al 48 -- Carrete n. 11: tomo 49 a 51, 53 y 54
650 14 - PUNTO DE ACCESO ADICIONAL DE MATERIA--TÉRMINO DE MATERIA
Término de materia o nombre geográfico como elemento de entrada Obras anteriores a 1800.
9 (RLIN) 15661
852 ## - LOCALIZACIÓN
Ubicación ES-MaACL
Número de control de estantería MC-36-46
itemnumber 5257
Ubicación en estantería Depósito 1
942 ## - ELEMENTOS DE ENTRADA SECUNDARIOS (KOHA)
Fuente del sistema de clasificación o colocación Clasificación decimal universal
Tipo de ítem Koha Microforma
Holdings
Estatus retirado Estado de pérdida Fuente del sistema de clasificación o colocación Estado de daño No para préstamo Colección Biblioteca de origen Biblioteca actual Ubicación en estantería Fecha de adquisición Total de préstamos Signatura topográfica completa Código de barras Visto por última vez Precio de reemplazo Tipo de ítem Koha
    Clasificación decimal universal     Libros del s. XVIII Biblioteca del Ateneo de Madrid Biblioteca del Ateneo de Madrid Depósito 1 17/01/2008   MC-36-46 1005203 23/02/2023 23/02/2023 Microforma